000 00613nam a2200217Ia 4500
005 20241129120019.0
008 241129s9999||||xx |||||||||||||| ||und||
020 _a9781647266561
037 _aTB
040 _aSDCL
_beng
_cSDCL
041 _aeng
_2eng
084 _aX81:8, R3
_qSDCL
100 _aJames Ivy Ed.
_9728917
245 0 _aDerivatives markets, valuation and risk management
260 _aNew York
_bClanrye International
_c2023
300 _avi,222p.
365 _aUSD
_b156.95
650 _aBusiness Economics and Finance
942 _cTB
_hX81:8, R3
999 _c1232975
_d1232975